| 000 | 00367nam a22001457a 4500 | ||
|---|---|---|---|
| 999 |
_c147590 _d147590 |
||
| 082 |
_aM2 _bNNP/M |
||
| 100 | _aN N Pillai | ||
| 245 |
_aMasakopanishathum mattu pathu ekankangalum/ _cby N N Pillai. |
||
| 260 |
_aKottayam: _bCurrent, _c2006. |
||
| 300 | _a152p. | ||
| 650 | _aDrama Malayalam | ||
| 650 | _aLiterature Malayalam | ||
| 650 | _aLiterature | ||
| 942 | _cBK | ||